クリティクリスタ 全楽曲 - Statistics

General Stats
  • This quiz has been taken 2 times
  • The average score is 4 of 21
Answer Stats
リリース年,Vo 曲名 % Correct
2016 放て!どどどーん!
100%
2015(ロージア&ツキノ) はなまるさーくれっと
50%
2019 にゃんばわん!ゼッタイ最強!
50%
2021 きゅきゅきゅん♡ハートシェイカー
50%
2021 綿雪グリモワール
50%
2015 Attention, Please!!
50%
2015 Yes!アイドル♥宣言
50%
2015 ループしてる
0%
2015 あすいろ恋模様
0%
2016 ビビビーチ♡ビビビビーチ!
0%
2016 コ・ア・ク・マ♡サマーモード
0%
2017(ロージア) ラヴスウィートブレーメン♡
0%
2019(ジャクリン) はうあーゆー?
0%
2022 恋しちゃった!
0%
2015 1.2さんしゃいん♡
0%
2016 Colorful Snow Drop
0%
2019(ホルミー) とっておきのHappiness!!
0%
2019(ロージア) Happy Happy Jump!!
0%
2021 Mot Mot Mot
0%
2016(ツキノ) My Precious Sign
0%
2015(ホルミー&ジャクリン) Rhythm Friends
0%
No matching quizzes found
Score Distribution
Percent of People with Each Score
Percentile by Number Answered
Your Score History
You have not taken this quiz